000 00273nam a2200109 a 4500
005 20201002044930.0
008 140404s1972 000 spa d
100 _aTolstoi, Leon
_946625
245 0 _aCuentos.
260 _aMadrid -- Libra,
_c1972 -- 188 p.
999 _c43202
_d43202
040 _aDO-SdBNP